| 000 | 00725nam a22002057a 4500 | ||
|---|---|---|---|
| 999 |
_c162961 _d162961 |
||
| 005 | 20190325122319.0 | ||
| 010 | _aA-988284 | ||
| 020 | _c250.00 | ||
| 035 | _aA-988284 | ||
| 037 | _bBPPD/PUB | ||
| 082 | _a398.6 | ||
| 100 | _aगर्ग, चित्रा | ||
| 245 |
_aबाल पहेली कोश _cचित्रा गर्ग |
||
| 260 |
_aनई दिल्ली _bपराग प्रकाशन |
||
| 270 |
_aआई -2/16, मेन अंसारी रोड, दरियागंज _bनई दिल्ली _e110002 |
||
| 300 |
_a240पृ. _c24cm(सजिल्द ) |
||
| 700 | _944960 | ||
| 700 | _944973 | ||
| 942 |
_2ddc _cCH _mगर्गची _h398.6 |
||